Countries With IKEA Stores - Sudden Death! - Statistics

General Stats
  • This quiz has been taken 87 times
  • The average score is 8 of 21
Answers on the Grid
Answers color-coded by a green-red scale on the quiz's grid according to % correct below.
Sweden
Norway
Denmark
Switzerland
Japan
Russia
Colombia
Venezuela
Ireland
Cyprus
Turkey
Portugal
Thailand
Egypt
Qatar
Singapore
China
Chile
Poland
Mexico
Finland
Latvia
North Korea
Cuba
Somalia
South Africa
Sudan
Yemen
Nigeria
Peru
Iceland
Luxembourg
 
Answer Stats
Answer % Correct
Denmark
69%
Sweden
69%
Norway
66%
Finland
59%
Switzerland
56%
Ireland
53%
Japan
47%
Turkey
44%
China
41%
Portugal
41%
Poland
38%
Latvia
34%
Iceland
31%
Mexico
25%
Singapore
25%
Thailand
25%
Qatar
19%
Cyprus
13%
Egypt
13%
Chile
9%
Colombia
9%
No matching quizzes found
Score Distribution
Percent of People with Each Score
Percentile by Number Answered
Your Score History
You have not taken this quiz